000
00289nam a2200145Ia 4500
100
_a
Dooley
650
_a
General
942
_c
BK
654
_a
Law
245
_a
Wage Administration
260
_b
WILEY EASTERN LIMITED
_c
2001
082
_a
658.3
300
_a
219
546
_a
ENGLISH
999
_c
35480
_d
35480